[Event "3rd Split Open 2013"]
[Site "Split CRO"]
[Date "2013.08.12"]
[Round "3.6"]
[White "Martinovic,Sa"]
[Black "Petran,Pe"]
[Result "1/2-1/2"]
[WhiteElo "2526"]
[BlackElo "2311"]

1.d4 g6 2.e4 Bg7 3.Nc3 d6 4.f4 a6 5.Nf3 b5 6.Bd3 Nd7 7.e5 c5 8.Be3 Nh6 9.Be4 Rb8
10.dxc5 dxc5 11.Ng5 O-O 12.h4 b4 13.Na4 Qa5 14.b3 Rd8 15.Qf3 Nf8 16.Bxc5 Qc7
17.O-O f6 18.Nh3 Rb5 19.Be3  1/2-1/2

[Event "XI Miguel Najdorf Open A 2013"]
[Site "Warsaw POL"]
[Date "2013.08.13"]
[Round "9.21"]
[White "Rozycki,B"]
[Black "Siekierski,P"]
[Result "1/2-1/2"]
[WhiteElo "2041"]
[BlackElo "2024"]

1.e4 d6 2.d4 g6 3.Nc3 Bg7 4.Nf3 c6 5.Bc4 b5 6.Bb3 Nf6 7.e5 dxe5 8.Nxe5 O-O
9.O-O Nfd7 10.Qf3 Nxe5 11.dxe5 b4 12.Nd5 cxd5 13.Bxd5 Nd7 14.Bxa8 Nxe5 15.Qe2 Be6
16.Bf4 Bc4 17.Qe1 Qxa8 18.Bxe5 Bxf1 19.Kxf1 Qb7 20.Bxg7 Kxg7 21.Kg1 Rc8 22.Rc1 e6
23.h3 Rc4 24.Qe5+ Kg8 25.Qe3 Qc7 26.Qb3 a5 27.a3 bxa3 28.Qxa3 Rxc2 29.Rxc2 Qxc2
30.Qxa5 Qc1+ 31.Kh2 Qxb2 32.Qa8+ Kg7 33.Qa7 Qe5+ 34.Kg1 g5 35.Qa2 h5 36.Qd2 g4
37.hxg4 hxg4 38.g3 Kg6 39.Qd8 Qe1+ 40.Kg2 Qe4+ 41.Kg1 f5 42.Qg8+ Kf6 43.Qf8+ Ke5
44.Qb8+ Kd4 45.Qb4+ Kd3 46.Qb3+ Kd2 47.Qa2+ Kc1 48.Qa3+ Kc2 49.Qa2+ Kc3 50.Qa3+ Kc4
51.Qa4+ Kd5  1/2-1/2

[Event "22nd ZMDI Open 2013"]
[Site "Dresden GER"]
[Date "2013.08.14"]
[Round "5.32"]
[White "Heinemann,Josefine"]
[Black "Juergens,Kl"]
[Result "1/2-1/2"]
[WhiteElo "2003"]
[BlackElo "2148"]

1.e4 g6 2.d4 Bg7 3.Nc3 d6 4.h3 Nf6 5.Be3 c6 6.a4 Nbd7 7.Nf3 O-O 8.Be2 Qc7
9.O-O e5 10.Qd2 Re8 11.dxe5 dxe5 12.a5 Nf8 13.Ng5 h6 14.Nf3 Rd8 15.Qc1 g5
16.Nh2 Ne6 17.Ng4 Nxg4 18.Bxg4 Nd4 19.Re1 Bxg4 20.hxg4 Bf8 21.Ne2 Qd7 22.Nxd4 exd4
23.Rd1 c5 24.f3 Qe6 25.Bf2 Bd6 26.g3 Be5 27.Kg2 Qf6 28.Ra4 b5 29.axb6 axb6
30.Qa1 Qc6 31.Rxa8 Rxa8 32.Qc1 Ra2 33.Rd2 Qa8 34.c3 Ra1 35.Qc2 Qa6 36.Rd1 Rxd1
37.Qxd1 dxc3 38.bxc3 Bxc3 39.Qd6 Kg7 40.Bxc5 Qa2+ 41.Bf2 b5 42.f4 Qd2 43.Qxd2 Bxd2
44.Bd4+ Kg8 45.f5 Be1 46.Be5 Kf8 47.Kf1 Ba5 48.Ke2 Ke7 49.Bg7 f6 50.e5 fxe5
51.Bxe5 Bb4 52.Kd3 Kf7 53.Kd4 Be1 54.Kc5 b4 55.Kc4 Bd2 56.Bd6 Be1 57.Bxb4 Bxg3  1/2-1/2

[Event "Stare Mesto Open 2013"]
[Site "Stare Mesto CZE"]
[Date "2013.08.14"]
[Round "7.2"]
[White "Jurcik,Mari"]
[Black "Kireev,Al"]
[Result "1/2-1/2"]
[WhiteElo "2488"]
[BlackElo "2337"]

1.e4 g6 2.d4 d6 3.Nc3 Bg7 4.f4 e6 5.Nf3 Ne7 6.Be3 a6 7.Qd2 Nd7 8.Bd3 b5 9.a4 b4
10.Ne2 c5 11.O-O Qc7 12.c3 c4 13.Bb1 b3 14.f5 e5 15.Bh6  1/2-1/2

[Event "12th Lichtenberger Sommer"]
[Site "Berlin GER"]
[Date "2013.08.17"]
[Round "1.66"]
[White "Schmitt,Jens-Ole"]
[Black "Schmidt,Markus1"]
[Result "1/2-1/2"]
[WhiteElo "1676"]
[BlackElo "2061"]

1.e4 g6 2.d4 Bg7 3.Nc3 d6 4.f4 a6 5.Nf3 b5 6.Bd3 Bb7 7.O-O Nd7 8.e5 Nh6 9.Qe2 O-O
10.Be3 c5 11.Be4 Bxe4 12.Nxe4 cxd4 13.Bxd4 Nf5 14.c3 dxe5 15.Nxe5 Nxe5 16.Bxe5 f6
17.Rad1 Qb6+ 18.Bd4 Nxd4 19.cxd4 f5 20.Nc5 Bxd4+ 21.Rxd4 Qxc5 22.Qe6+ Kg7
23.Qd5 Qxd5 24.Rxd5 Rfd8 25.Re5 Kf7 26.Rfe1 Ra7 27.R1e2 Rd4 28.g3 Rad7 29.Kf2 R4d5
30.Re6 R5d6 31.R6e5 e6 32.R5e3 Rd2 33.Rxe6 Rxb2 34.Rxa6 Rdd2 35.Ra7+ Kf6
36.Ra6+ Kg7 37.Rxd2 Rxd2+ 38.Kg1 b4 39.Rb6 Rb2 40.Ra6 Kf7 41.Ra5 Ke6 42.a3 b3
43.Rb5 Kd6 44.a4 Kc6 45.Kf1 Rxh2 46.Rxb3 Ra2 47.Rb4 Kc5 48.Rb7 Rxa4 49.Rxh7 Kd4
50.Kf2 Ra2+  1/2-1/2

[Event "9th BDO Challenger"]
[Site "Haarlem NED"]
[Date "2013.08.17"]
[Round "1.5"]
[White "Kuijf,R"]
[Black "Buchal,S"]
[Result "1/2-1/2"]
[WhiteElo "2422"]
[BlackElo "2296"]

1.e4 g6 2.d4 Bg7 3.Nc3 d6 4.Bg5 Nd7 5.f4 c5 6.Nf3 a6 7.Qd2 b5 8.dxc5 Nxc5
9.e5 Bb7 10.O-O-O f6 11.Bh4 fxe5 12.fxe5 Bxf3 13.gxf3 Bxe5 14.Nd5 Rb8 15.f4 Bf6
16.Nxf6+ Nxf6 17.f5 Nce4 18.Qf4 g5 19.Bxg5 Nxg5 20.Qxg5 Qa5 21.Kb1 Rg8 22.Qe3 Qb6
23.Qe6 d5 24.Qe5 Rd8 25.Be2 Kf8 26.Bf3 Rg7 27.a3 Qd6 28.Qd4 Rg5 29.Qd3 Qf4  1/2-1/2

[Event "21st Troya Open 2013"]
[Site "Canakkale TUR"]
[Date "2013.08.18"]
[Round "2.19"]
[White "Guncan,Berke"]
[Black "Buker,M"]
[Result "0-1"]
[WhiteElo "1696"]
[BlackElo "2100"]

1.e4 d6 2.d4 g6 3.Nc3 Bg7 4.f3 Nf6 5.Be3 O-O 6.Bc4 c6 7.a4 a5 8.Nge2 Na6
9.Qd2 Re8 10.g4 d5 11.Bxa6 Rxa6 12.e5 Nd7 13.h4 c5 14.dxc5 Nxe5 15.Qxd5 Qxd5
16.Nxd5 Nxf3+ 17.Kf2 Ne5 18.g5 Ng4+ 19.Kf3 Rc6 20.Bg1 e5 21.Ng3 Bf5 22.Nxf5 gxf5
23.Re1 e4+ 24.Kf4 h5 25.Nf6+ Nxf6 26.gxf6 Rxf6 27.Bd4 Bh6+ 28.Kg3 Rg6+ 29.Kf2 f4
30.Rhg1 Rg4 31.Bc3 Bf8 32.b4 f5 33.Rd1 Be7 34.Rh1 Bxh4+ 35.Ke2 f3+ 36.Ke3 f4+
37.Kd4 f2 38.Kc4 e3  0-1

[Event "6th Jessie Gilbert Open 2013"]
[Site "Coulsdon ENG"]
[Date "2013.08.18"]
[Round "2"]
[White "Feygin,M"]
[Black "Way,Julian M"]
[Result "1-0"]
[WhiteElo "2533"]
[BlackElo "1986"]

1.e4 g6 2.d4 Bg7 3.Nc3 d6 4.f4 e6 5.Nf3 a6 6.Bd3 Ne7 7.O-O b6 8.Be3 h6 9.Qd2 Nd7
10.Rae1 Nf6 11.Kh1 Ng4 12.Bg1 Bb7 13.f5 e5 14.h3 exd4 15.Nxd4 Be5 16.fxg6 Nxg6
17.Bc4 Rh7 18.Rf5 h5 19.Ref1 c5 20.Rxf7 cxd4 21.Rxh7 Nf6 22.Rxb7 Qc8 23.Bf7+ Kd8
24.Bxg6 dxc3 25.Bxb6+  1-0

[Event "22nd ZMDI Open 2013"]
[Site "Dresden GER"]
[Date "2013.08.18"]
[Round "9.29"]
[White "Guennigmann,M"]
[Black "Juergens,Kl"]
[Result "1/2-1/2"]
[WhiteElo "2140"]
[BlackElo "2148"]

1.e4 g6 2.d4 Bg7 3.Nc3 d6 4.Bc4 Nf6 5.Qe2 c6 6.e5 dxe5 7.dxe5 Nd5 8.Bd2 Nd7
9.Nf3 N7b6 10.Bb3 Bg4 11.O-O-O Qc7 12.Rhe1 O-O 13.Qe4 Bxf3 14.gxf3 Nxc3 15.Bxc3 e6
16.h4 Rfd8 17.h5 Rxd1+ 18.Rxd1 Rd8 19.Rh1 Nd5 20.hxg6 hxg6 21.Bxd5 Rxd5 22.Qh4 Qd8
23.Qxd8+ Rxd8 24.f4 Bf8 25.Rd1 Rxd1+ 26.Kxd1 Bc5 27.Ke2 Kh7 28.Bd2 a6 29.b3 Kg7
30.a4  1/2-1/2

[Event "28th Schwarzacher Open"]
[Site "Schwarzach AUT"]
[Date "2013.08.18"]
[Round "2.10"]
[White "Zikeli,S"]
[Black "Epishin,V"]
[Result "1/2-1/2"]
[WhiteElo "2124"]
[BlackElo "2598"]

1.e4 g6 2.d4 Bg7 3.Nc3 d6 4.Be3 a6 5.f3 b5 6.Qd2 Nd7 7.g4 Nb6 8.b3 h5 9.g5 e6
10.h4 Ne7 11.Nge2 O-O 12.Ng3 c5 13.Rd1 cxd4 14.Bxd4 Bxd4 15.Qxd4 Qc7 16.Nce2 d5
17.Bg2 Bb7 18.O-O Rad8 19.Qe3 Nd7 20.c3 dxe4 21.fxe4 Ne5 22.Bh3 N7c6 23.Nf4 Rxd1
24.Rxd1 Ng4 25.Bxg4 hxg4 26.h5 Qe7 27.Nd3 Rd8 28.Qf4 b4 29.c4 e5 30.Qxg4 Bc8
31.Qh4 Nd4 32.Kg2 Ne6 33.hxg6 fxg6 34.Rh1 Qg7 35.Nf2 Nf4+ 36.Kg1 Rd2 37.Nf1 Re2
38.Rh2 a5 39.Ng4 Bxg4 40.Qxg4 Qa7+ 41.Kh1 Rxh2+ 42.Nxh2 Qd4 43.Qc8+ Kf7 44.Qc7+ Ke8
45.Qc8+ Kf7 46.Qc7+ Ke6 47.Qc6+ Kf7 48.Qc7+ Ke8 49.Qc8+ Qd8 50.Qxd8+ Kxd8
51.Nf3 Nd3 52.Nh4 Ke7 53.Nxg6+ Kf7 54.Nh4 Nf2+ 55.Kg2 Nxe4 56.Nf3 Ke6 57.g6 Kf6
58.g7 Kxg7 59.Nxe5 Nc3 60.Nc6 Nxa2 61.Nxa5 Kf6 62.Kf3 Ke5 63.Nc6+ Kd6 64.Nxb4 Nxb4
65.Ke4 Kc5 66.Ke5 Nd3+ 67.Ke4 Nc1 68.b4+ Kxc4 69.b5 Kxb5  1/2-1/2

[Event "28th Schwarzacher Open"]
[Site "Schwarzach AUT"]
[Date "2013.08.18"]
[Round "2.5"]
[White "Berchtenbreiter,M"]
[Black "Hager,F"]
[Result "1-0"]
[WhiteElo "2405"]
[BlackElo "2224"]

1.e4 g6 2.d4 d6 3.Nc3 Bg7 4.h4 h5 5.Nh3 a6 6.Ng5 b5 7.e5 Nh6 8.Qf3 c6 9.e6 fxe6
10.Qe4 Nf5 11.Nxe6 Bxe6 12.Qxe6 Nxd4 13.Qxg6+ Kf8 14.Be3 Qe8 15.Qd3 c5 16.Bxd4 Bxd4  1-0

[Event "3rd Isthmia Open"]
[Site "Vrachati GRE"]
[Date "2013.08.19"]
[Round "3.15"]
[White "Toth,Alek"]
[Black "Nathanail,E"]
[Result "1-0"]
[WhiteElo "2330"]
[BlackElo "2028"]

1.e4 g6 2.d4 Bg7 3.Nc3 d6 4.Be3 a6 5.Bd3 Nd7 6.Nf3 e6 7.Qd2 h6 8.O-O Ne7
9.Ne2 b6 10.Ng3 Bb7 11.h3 Nf6 12.Nh2 e5 13.d5 g5 14.Ng4 Nxg4 15.hxg4 Ng6
16.Nh5 Rg8 17.g3 Qd7 18.f3 Bc8 19.c4 Qe7 20.Rfc1 Nf8 21.Kg2 Nd7 22.Rh1 Bh8
23.b4 a5 24.a3 Bf6 25.Rhc1 Rg6 26.Qf2 Bg7 27.c5 axb4 28.axb4 Rb8 29.cxb6 Nxb6
30.Ra5  1-0

[Event "9th BDO Challenger"]
[Site "Haarlem NED"]
[Date "2013.08.20"]
[Round "4.2"]
[White "Tan,Ju2"]
[Black "Buchal,S"]
[Result "1/2-1/2"]
[WhiteElo "2322"]
[BlackElo "2296"]

1.e4 g6 2.d4 Bg7 3.Nc3 d6 4.f4 a6 5.Nf3 b5 6.Bd3 Nd7 7.e5 c5 8.Be3 Bb7 9.Be4 Bxe4
10.Nxe4 Nh6 11.dxc5 dxe5 12.c6 Nf6 13.Nxf6+ exf6 14.Qxd8+ Rxd8 15.c7 Rc8
16.Bb6 Kd7 17.O-O-O+ Kc6 18.Ba5 Nf5 19.Rd3 Nd6  1/2-1/2

[Event "12th Lichtenberger Sommer"]
[Site "Berlin GER"]
[Date "2013.08.21"]
[Round "5.47"]
[White "Kapr,K"]
[Black "Knauer,Frank"]
[Result "1/2-1/2"]
[WhiteElo "2069"]
[BlackElo "1846"]

1.e4 g6 2.d4 Bg7 3.Nc3 d6 4.Nf3 Nf6 5.Be2 c6 6.O-O O-O 7.h3 Nbd7 8.e5 Nd5
9.Nxd5 cxd5 10.exd6 exd6 11.Bf4 Nf6 12.c3 Re8 13.Bb5 Bd7 14.Bd3 Bc6 15.Qc2 Qd7
16.a4 Rac8 17.b4 a6 18.Qb3 b5 19.axb5 Bxb5 20.Bxb5 axb5 21.Ra6 Ne4 22.Qxd5 Nxc3
23.Qxd6 Ne2+ 24.Kh1 Qxd6 25.Bxd6 Nxd4 26.Bg3 Rc4 27.Bd6  1/2-1/2

[Event "12th Lichtenberger Sommer"]
[Site "Berlin GER"]
[Date "2013.08.21"]
[Round "5.31"]
[White "Richter,Go"]
[Black "Kollberg,L"]
[Result "0-1"]
[WhiteElo "2003"]
[BlackElo "2214"]

1.e4 g6 2.d4 Bg7 3.Nc3 d6 4.Be3 c6 5.h3 b5 6.Bd3 Nd7 7.f4 e5 8.fxe5 dxe5
9.Nf3 exd4 10.Nxd4 Ne5 11.O-O b4 12.Nce2 Nf6 13.Nb3 a5 14.a3 bxa3 15.Rxa3 O-O
16.Qd2 a4 17.Nc5 Qe7 18.Rfa1 Rd8 19.Qe1 Bxh3 20.Nxa4 Nfd7 21.Nb6 Rxa3 22.Rxa3 Rb8
23.Nxd7 Bxd7 24.Qg3 h5 25.Bd4 c5 26.Bc3 h4 27.Qh2 c4 28.Bxc4 Qc5+ 29.Bd4 Nf3+
30.gxf3 Bxd4+ 31.Nxd4 Qxd4+ 32.Kg2 Rxb2 33.Ra8+ Kg7 34.Bd3 h3+ 35.Kf1 Rb1+
36.Ke2 Rg1 37.Qxh3 Bxh3  0-1

[Event "Brasschaat Open 2013"]
[Site "Brasschaat BEL"]
[Date "2013.08.21"]
[Round "5.15"]
[White "Peredy,F"]
[Black "Voet,D"]
[Result "1-0"]
[WhiteElo "2198"]
[BlackElo "1924"]

1.e4 g6 2.d4 Bg7 3.Nc3 d6 4.Be3 a6 5.h4 h5 6.Qd2 Nd7 7.O-O-O b5 8.Kb1 Bb7
9.f3 Rc8 10.Nge2 c5 11.dxc5 dxc5 12.g3 Ngf6 13.Bh3 e6 14.Nf4 Qe7 15.Bxe6 Rd8
16.Bd5 Ne5 17.Qf2 Rc8 18.Bxb7 Qxb7 19.Ncd5 Nfd7 20.Nd3 Nc4 21.Bc1 a5 22.f4 Nd6
23.Rhe1 c4 24.Ne5 Nc5 25.Qd4 O-O 26.f5 Ncxe4 27.Rxe4 Nxf5 28.Qb6 Qa8 29.Nd7 Rc6
30.Qxb5 Nd6 31.Qxc6 Nxe4 32.Nxf8  1-0

[Event "6th Jessie Gilbert Open 2013"]
[Site "Coulsdon ENG"]
[Date "2013.08.21"]
[Round "5"]
[White "Haria,R"]
[Black "Way,Julian M"]
[Result "1-0"]
[WhiteElo "2133"]
[BlackElo "1986"]

1.e4 g6 2.d4 Bg7 3.Nc3 d6 4.Be3 a6 5.Qd2 Nd7 6.h4 h6 7.f4 Ngf6 8.e5 Ng4 9.Nf3 Nxe3
10.Qxe3 Nb6 11.O-O-O Bg4 12.d5 Qd7 13.Rd4 Bxf3 14.gxf3 O-O-O 15.Bh3 e6 16.Rd3 Kb8
17.dxe6 fxe6 18.exd6 Nc4 19.Qxe6 Qc6 20.Qf7 cxd6 21.Qxg7 b5 22.Be6 b4 23.Bd5 Qc8
24.Bxc4 Qxc4 25.Rd4 Qc5 26.Ne4 Qb6 27.Rxd6 Qe3+ 28.Kb1 a5 29.Qe5  1-0

[Event "21st Troya Open 2013"]
[Site "Canakkale TUR"]
[Date "2013.08.22"]
[Round "7.1"]
[White "Rasulov,Vu"]
[Black "Azaladze,S"]
[Result "1/2-1/2"]
[WhiteElo "2483"]
[BlackElo "2498"]

1.e4 d6 2.d4 g6 3.Nc3 Bg7 4.Be3 c6 5.Qd2 Nd7 6.Nf3 Qc7 7.Bd3 e5 8.O-O Ngf6
9.h3 O-O 10.a4 Re8 11.Rfe1 Nf8 12.Rad1 a6 13.Bf1 Ne6 14.dxe5 dxe5 15.Ng5  1/2-1/2

[Event "12th Lichtenberger Sommer"]
[Site "Berlin GER"]
[Date "2013.08.23"]
[Round "7.29"]
[White "Kather,Yannick"]
[Black "Amelang,T"]
[Result "1/2-1/2"]
[WhiteElo "1943"]
[BlackElo "2136"]

1.e4 g6 2.d4 Bg7 3.Nc3 d6 4.f4 c6 5.Nf3 Nf6 6.Bd3 Bg4 7.Be3 Qa5 8.O-O c5
9.e5 Nfd7 10.Bc4 O-O 11.h3 Bxf3 12.Qxf3 cxd4 13.Bxd4 Nc6 14.Be3 dxe5 15.Rad1 Nf6
16.Nd5 Nxd5 17.Bxd5 Rad8 18.Bxc6 bxc6 19.Rxd8 Qxd8 20.fxe5 Bxe5 21.Bh6 Qd4+
22.Kh1 Bg7 23.c3 Qd5 24.Bxg7 Kxg7 25.Qe3 Qxa2 26.Qxe7 Qxb2 27.Qf6+ Kg8 28.Qxc6 Qe2
29.Kg1 Qe3+ 30.Kh1 Qe7 31.c4 Rd8 32.Qf3 Rc8 33.Qd3 Qe6 34.c5 Rxc5 35.Qd8+ Kg7
36.Qd4+ Qe5 37.Qf2 Rc7 38.Re1 Qf6 39.Qe2 a5 40.Rf1 Qc3 41.Qa6 Rc6 42.Qa8 Re6
43.Qa7 Rf6 44.Rd1 Rf4 45.Qb8 Re4 46.Qb1 Re2 47.Rf1 Qc6 48.Rxf7+ Kxf7 49.Qf1+ Kg8
50.Qxe2 a4 51.Qa2+ Kf8 52.Qf2+ Ke8 53.Qe3+ Kd8 54.Qd4+ Qd7 55.Qf6+ Kc7 56.Qf4+ Kb6
57.Qb4+ Qb5 58.Qd4+ Kc6 59.Qe4+ Kc5 60.Qe5+ Kb4 61.Qd6+ Qc5 62.Qd2+ Qc3 63.Qd6+ Kb3
64.Qd1+ Qc2 65.Qd5+ Kb2 66.Qd4+ Ka2 67.Qd5+ Kb1 68.Qb5+ Ka1 69.Qa5 Qc1+ 70.Kh2 a3
71.Qe5+ Kb1 72.Qe4+ Qc2 73.Qb4+ Ka2 74.Qd6 Qc4 75.Qd2+ Kb3 76.Qd1+ Kb4 77.Qd2+ Qc3
78.Qd6+ Qc5 79.Qd2+ Kc4 80.Qe2+ Kd5 81.Qf3+ Ke6 82.Qb3+ Kd7 83.Qf7+ Qe7 84.Qa2 h5
85.Kh1 Qd6 86.Qf7+ Kc6 87.Qc4+ Kb6 88.Qb3+ Kc6 89.Qc4+ Qc5 90.Qe6+ Kb5 91.Qb3+ Ka5
92.Qa2 Qc1+ 93.Kh2 Kb4 94.Qd5 Qc4 95.Qb7+ Kc3 96.Qf3+ Qd3 97.Qf6+ Kb4 98.Qb6+ Qb5
99.Qd4+ Qc4 100.Qb6+ Kc3 101.Qe3+ Qd3 102.Qc5+ Kd2 103.Qf2+ Kd1 104.Qa2 Qc3
105.Qd5+ Kc2 106.Qe6 Kc1 107.Qa2 g5 108.Qe2 h4 109.Qf1+ Kc2 110.Qf5+ Qd3
111.Qc5+ Kd1 112.Qa7 g4 113.hxg4 h3 114.Qg1+ Ke2 115.Qa1 Qd5 116.Kxh3 a2
117.g5 Qb3+ 118.g3 Qe6+ 119.Kh4 Qe4+ 120.g4 Qb1 121.Qe5+ Kf1 122.Qf4+ Ke2
123.Qc4+ Kd2 124.Qd4+ Qd3  1/2-1/2

[Event "12th Lichtenberger Sommer"]
[Site "Berlin GER"]
[Date "2013.08.23"]
[Round "7.14"]
[White "Reichenbach,W"]
[Black "Schmidt,Markus1"]
[Result "1-0"]
[WhiteElo "2279"]
[BlackElo "2061"]

1.e4 g6 2.d4 Bg7 3.Nc3 d6 4.f4 a6 5.Nf3 b5 6.e5 Nd7 7.Bd3 c5 8.Be4 Rb8 9.Be3 cxd4
10.Bxd4 dxe5 11.fxe5 Nf8 12.Ba7 Bg4 13.Bxb8 Qxb8 14.Bc6+ Nd7 15.Qd5 Be6 16.Bxd7+ Bxd7
17.O-O-O Qc8 18.Qd3 Bf5 19.Qe2 Nh6 20.h3 O-O 21.g4 Be6 22.Nd5 Qb7 23.Qe4 Kh8
24.Rhe1 Rc8 25.b3 a5 26.Nf4 Qa6 27.Kb1 a4 28.Qb4 axb3 29.cxb3 Ra8 30.Rd2 Bd7
31.Qxe7 Bc6 32.Ng5 Qa5 33.Red1 Bf8 34.Qf6+ Bg7 35.Qxc6 Bxe5 36.Qxa8+  1-0

[Event "XXX Collado Villalba Open 2013"]
[Site "Collado Villalba ESP"]
[Date "2013.08.23"]
[Round "1.15"]
[White "Fernandez Gil,R"]
[Black "Calleja Sanchez,A"]
[Result "1-0"]
[WhiteElo "2046"]
[BlackElo "1898"]

1.e4 g6 2.d4 d6 3.Nc3 Bg7 4.Be3 Nf6 5.f3 c6 6.Qd2 Qa5 7.Nge2 h5 8.Nf4 b5
9.e5 b4 10.exf6 bxc3 11.fxg7 cxd2+ 12.Bxd2 Qxd2+ 13.Kxd2 Rg8 14.Rc1 Rxg7
15.g4 hxg4 16.fxg4 Bxg4 17.Rg1 Bf5 18.Nh5 gxh5 19.Rxg7 Nd7 20.Rg8+ Nf8 21.Bd3 Be6
22.c4 Rb8 23.Kc3 Kd7 24.Rg5 Bg4 25.Bf5+ Bxf5 26.Rxf5 Ne6 27.Rxf7  1-0

[Event "e2e4 Coventry Open"]
[Site "Coventry ENG"]
[Date "2013.08.23"]
[Round "1"]
[White "Bryant,R"]
[Black "Mangione,C"]
[Result "0-1"]
[WhiteElo "1969"]
[BlackElo "2127"]

1.e4 g6 2.d4 Bg7 3.Nc3 d6 4.Be3 a6 5.Qd2 b5 6.Bd3 Nd7 7.a4 b4 8.Nce2 c5 9.c3 bxc3
10.bxc3 Ngf6 11.Bh6 O-O 12.h4 Bxh6 13.Qxh6 Ng4 14.Qd2 h5 15.a5 cxd4 16.cxd4 e5
17.f3 Ngf6 18.Bc4 Kg7 19.Nh3 exd4 20.Nxd4 Ne5 21.Bb3 d5 22.exd5 Re8 23.Kf1 Nxd5
24.Bxd5 Ra7 25.Nf4 Rd7 26.Nde2 Qf6 27.Qa2 Red8 28.Re1 Rd6 29.Be4 Rd2 30.Qb3 Qd6
31.Qc3 Kg8 32.g3 Bd7 33.Nd5 Rxd5 34.Bxd5 Qxd5 35.Nf4 Qb5+ 36.Kf2 Nc4 37.Re4 Nxa5
38.Rd1 Rc8 39.Qd4 Bf5 40.Re5 Nb3 41.Rxb5 Nxd4 42.Rb2 Nb5 43.Nd5 Kf8 44.Ne3 Be6
45.f4 Nc3 46.Rd4 a5 47.Nc2 a4 48.Na3 Bb3 49.Ke1 Re8+ 50.Kd2 Ne4+ 51.Kd3 Nxg3
52.Rh2 Nf5 53.Re4 Rd8+ 54.Kc3 Rd1 55.Kb4 Nd6 56.Ree2 Rd4+ 57.Kc5 Nf5 58.Ref2 Rd1
59.Nb5 Ne3 60.Rd2 Rc1+ 61.Kd4 Nf1 62.Rh1 Rc4+ 63.Kd3 Nxd2 64.Kxd2 Rxf4  0-1

[Event "XXX Collado Villalba Open 2013"]
[Site "Collado Villalba ESP"]
[Date "2013.08.24"]
[Round "2.25"]
[White "Alvarez Carbajales,F"]
[Black "Jimenez Jimenez,Darfo"]
[Result "1-0"]
[WhiteElo "1946"]
[BlackElo "1675"]

1.e4 g6 2.d4 Bg7 3.Nc3 d6 4.Be3 Nd7 5.Qd2 e5 6.Nf3 c6 7.O-O-O Qa5 8.dxe5 Nxe5
9.Qxd6 Nxf3 10.gxf3 Be6 11.Bc5 Rd8 12.Qxd8+ Qxd8 13.Rxd8+ Kxd8 14.Bxa7 Bxc3
15.bxc3 Nf6 16.Bb6+ Ke7 17.Bc5+ Kd8 18.c4 Nd7 19.Bd4 Re8 20.h4 c5 21.Be3 Ne5
22.Bxc5 Nxf3 23.h5 Ne5 24.hxg6 hxg6 25.Bb6+ Kc8 26.c5 Bxa2 27.Bb5 Rf8 28.Rd1 Bc4
29.Ba4 Be6 30.Kb2 Nc4+ 31.Kc3 Ne5 32.f4 Nc6 33.Rd6 Bd7 34.Bb3 Re8 35.Bxf7 Rxe4
36.Rxg6 Ne7 37.Rf6 Bf5 38.Rh6 Rxf4 39.Rh8+ Kd7 40.Rd8+ Kc6 41.Be8+ Bd7 42.Bxd7+ Kd5  1-0

[Event "TCh-SRB 1st League w 2013"]
[Site "Kragujevac SRB"]
[Date "2013.08.24"]
[Round "1.3"]
[White "Mladenovic,J"]
[Black "Rakic,Te"]
[Result "1-0"]
[WhiteElo "2123"]
[BlackElo "1877"]

1.e4 d6 2.d4 g6 3.Nc3 Bg7 4.h3 c6 5.a4 b6 6.Nf3 Nd7 7.Bc4 h6 8.Be3 Bb7 9.O-O Qc7
10.Re1 Rd8 11.Qb1 e6 12.Qa2 Ne7 13.Bf4 Nf6 14.e5 dxe5 15.Bxe5 Qd7 16.Ne4 Neg8
17.Nd6+ Kf8 18.Qa3 c5 19.dxc5 Bxf3 20.Qxf3 bxc5 21.Bb5 Qe7 22.Rad1 Nh5 23.Nc8  1-0

[Event "12th Lichtenberger Sommer"]
[Site "Berlin GER"]
[Date "2013.08.25"]
[Round "9.41"]
[White "Giannino,D"]
[Black "Millward,K"]
[Result "1/2-1/2"]
[WhiteElo "1989"]
[BlackElo "1920"]

1.e4 g6 2.d4 Bg7 3.Nc3 d6 4.f4 a6 5.Be3 b5 6.Bd3 Nd7 7.Qd2 Bb7 8.O-O-O Ngf6
9.Nf3 b4 10.Ne2 Bxe4 11.Bxe4 Nxe4 12.Qxb4 Rb8 13.Qc4 c5 14.Nd2 Nxd2 15.Bxd2 O-O
16.b3  1/2-1/2

[Event "e2e4 Coventry Open"]
[Site "Coventry ENG"]
[Date "2013.08.25"]
[Round "5"]
[White "Agnew,Alan"]
[Black "Mangione,C"]
[Result "0-1"]
[WhiteElo "2065"]
[BlackElo "2127"]

1.e4 g6 2.d4 Bg7 3.Nc3 d6 4.Be3 a6 5.Qd2 b5 6.O-O-O Bb7 7.f3 Nd7 8.h4 Ngf6
9.Kb1 h6 10.g4 Nb6 11.Bd3 e6 12.Nh3 h5 13.g5 Nfd7 14.Qf2 b4 15.Ne2 d5 16.Nhf4 dxe4
17.Bxe4 Bxe4 18.fxe4 O-O 19.e5 Nc4 20.Ng3 Qb8 21.Ne4 c5 22.Nf6+ Bxf6 23.gxf6 cxd4
24.Bxd4 Ndxe5 25.Qe2 Qb5 26.Rhe1 Ng4 27.Qd3 Nce5 28.Qxb5 axb5 29.Nxh5 gxh5
30.Bxe5 Rfd8 31.Bd6 Kh7 32.Bxb4 Kg6 33.Bc3 Rxd1+ 34.Rxd1 Nxf6 35.Bxf6 Kxf6
36.Rf1+ Ke7 37.b3 Rg8 38.a4 bxa4 39.bxa4 Rg4 40.Kb2 Rxa4 41.Rh1 f5 42.Kb3 Rg4
43.c4 f4 44.Kb4 f3 45.Kb5 f2 46.Rf1 Rf4 47.c5 Kd7 48.Kb6 Rb4+ 49.Ka5 Rb2
50.Ka4 Kc6 51.Ka3 Re2 52.Kb3 e5 53.Kc3 e4  0-1

[Event "e2e4 Coventry Open"]
[Site "Coventry ENG"]
[Date "2013.08.26"]
[Round "7"]
[White "Salem,I"]
[Black "Mangione,C"]
[Result "1/2-1/2"]
[WhiteElo "2102"]
[BlackElo "2127"]

1.e4 g6 2.d4 Bg7 3.Nc3 d6 4.Be3 a6 5.Qd2 b5 6.h4 Nf6 7.f3 Nbd7 8.O-O-O Bb7
9.Bh6 Bxh6 10.Qxh6 e5 11.d5 Qe7 12.Kb1 Nc5 13.Nh3 c6 14.dxc6 Bxc6 15.g4 O-O-O
16.Nd5 Nxd5 17.exd5 Bd7 18.Qe3 Kb7 19.Nf2 Rc8 20.Nd3 f5 21.Bh3 fxg4 22.Bxg4 Rhf8
23.Nb4 Rf4 24.Bxd7 Qxd7 25.Nc6 Ka8 26.h5 g5 27.h6 Rcf8 28.Rhg1 R8f5 29.Qd2 Qc7
30.Rg4 Rxg4 31.fxg4 Rf4 32.a3 Ne4 33.Qe2 Qb6 34.Qd3 Qc5 35.a4 Qc4 36.Qe3 Nc5
37.b4 Qe4 38.Qg1 Rxg4 39.Qf2 Rf4 40.Qg1  1/2-1/2

[Event "ch-ESP Rapid 2013"]
[Site "Linares ESP"]
[Date "2013.08.27"]
[Round "8.3"]
[White "Korneev,O"]
[Black "Plaskett,J"]
[Result "0-1"]
[WhiteElo "2625"]
[BlackElo "2490"]

1.e4 d6 2.d4 g6 3.Nc3 Bg7 4.f4 Nf6 5.Nf3 O-O 6.Bd3 Nc6 7.e5 dxe5 8.fxe5 Nh5
9.Be3 f6 10.exf6 exf6 11.O-O f5 12.Bc4+ Kh8 13.d5 Ne5 14.Nxe5 Bxe5 15.Bd4 Qf6
16.Bxe5 Qxe5 17.Re1 Qf4 18.Qd3 Bd7 19.Re7 Rad8 20.Rf1 Qd6 21.Qd4+ Nf6 22.Rfe1 a6
23.a4 Rde8 24.Rxe8 Rxe8 25.Rxe8+ Bxe8 26.b4 Kg8 27.Be2 Bf7 28.Bf3 c6 29.Qb6 Qe5
30.Ne2 Bxd5 31.Kf2 Bxf3 32.gxf3 Qxh2+ 33.Kf1 Qb8 34.Nd4 Qd6 35.b5 axb5 36.axb5 Nd5
37.Qxb7 Ne3+ 38.Ke2 Qxd4 39.bxc6 Nd5 40.Qd7 Nf4+ 41.Kf1 Qxd7 42.Ke1 Qd8  0-1

[Event "21st Honor to National Resistance"]
[Site "Nikaia GRE"]
[Date "2013.08.27"]
[Round "2.11"]
[White "Salahidi,Reveka"]
[Black "Korlotsidis,S"]
[Result "0-1"]
[WhiteElo "1694"]
[BlackElo "2018"]

1.e4 g6 2.d4 Bg7 3.Nc3 d6 4.f3 Nf6 5.Be3 c6 6.Qd2 a6 7.Nge2 b5 8.g4 h5 9.g5 Nfd7
10.Nf4 Nb6 11.a3 N8d7 12.O-O-O Rb8 13.b3 O-O 14.Rg1 a5 15.Qf2 e5 16.Nxh5 gxh5
17.Qh4 exd4 18.Bxd4 Bxd4 19.Rxd4 Kg7 20.Rxd6 Qe7 21.Rh6 Qxa3+ 22.Kd2 Ne5
23.Qxh5 Ng6 24.Bd3 Rd8 25.Rb1 Rxd3+ 26.cxd3 Qd6 27.e5 Qxe5 28.Ne4 Nd7 29.Rh7+ Kf8
30.Qh6+ Ke8 31.Rg7 Qf4+ 32.Ke2 Kd8 33.Qh7 Nde5 34.Qh5 Kc7 35.d4 Bg4  0-1

[Event "XXX Collado Villalba Open 2013"]
[Site "Collado Villalba ESP"]
[Date "2013.08.28"]
[Round "6.5"]
[White "Cano Cabanillas,J"]
[Black "Valles Moreno,I"]
[Result "0-1"]
[WhiteElo "2012"]
[BlackElo "2384"]

1.e4 g6 2.d4 Bg7 3.Nc3 d6 4.Be3 a6 5.a4 Nc6 6.Nge2 e5 7.h3 Nf6 8.g3 O-O 9.d5 Ne7
10.Bg2 c6 11.dxc6 bxc6 12.Qd2 Rb8 13.O-O-O d5 14.exd5 cxd5 15.Nxd5 Nfxd5
16.Bxd5 Nxd5 17.Qxd5 Qc7 18.Qc5 Qb7 19.Qa3 Bf5 20.Nc3 Rfc8 21.Rhe1 Bf8 22.Qa2 h5
23.f4 Qg2 24.Rd2 Qxg3 25.Rde2 exf4 26.Ba7 f3 27.Bxb8 Qg5+ 28.Rd2 Bh6 29.Qd5 Rxb8
30.Nb1 Re8 31.Qb3  0-1

[Event "TCh-SRB 1st League w 2013"]
[Site "Kragujevac SRB"]
[Date "2013.08.28"]
[Round "5.1"]
[White "Ostojic,Katarina"]
[Black "Rakic,Te"]
[Result "0-1"]
[WhiteElo "1796"]
[BlackElo "1877"]

1.e4 g6 2.d4 Bg7 3.Nc3 d6 4.f4 a6 5.Nf3 b5 6.a3 Bb7 7.Bd3 Nd7 8.Be3 c5 9.Qd2 c4
10.Be2 e6 11.O-O-O Ne7 12.h3 d5 13.e5 Bc6 14.b4 a5 15.Kb2 Nf5 16.Bf2 Bf8
17.Na2 Nb6 18.c3 Na4+ 19.Kc2 axb4 20.axb4 Nc5 21.Kb2 Ne4 22.Qe1 Qb6 23.g4 Qa6
24.Ra1 Qa3+ 25.Kc2 Qb3+ 26.Kc1 Nxc3 27.Qxc3 Qxc3+ 28.Nxc3 Rxa1+ 29.Nb1 Ng7
30.Bh4 Bxb4 31.Bf6 O-O 32.h4 Rfa8 33.h5 R8a2  0-1

[Event "TCh-SRB 1st League w 2013"]
[Site "Kragujevac SRB"]
[Date "2013.08.28"]
[Round "5.2"]
[White "Dragasevic,A"]
[Black "Rakic,Ma"]
[Result "0-1"]
[WhiteElo "2153"]
[BlackElo "2294"]

1.d4 g6 2.e4 Bg7 3.Nc3 d6 4.Be3 a6 5.a4 b6 6.Bc4 e6 7.Nf3 Ne7 8.Qd2 d5 9.Be2 dxe4
10.Nxe4 h6 11.c4 Bb7 12.Nc3 Nf5 13.O-O O-O 14.Rad1 Qe7 15.d5 exd5 16.Nxd5 Bxd5
17.cxd5 Nd7 18.Bf4 Nc5 19.Rfe1 Qd7 20.Qc2 Nd6 21.a5 Rfe8 22.b4 Nce4 23.Rd3 bxa5
24.bxa5 Qf5 25.Bxd6 cxd6 26.Re3 Nc5 27.Qxf5 gxf5 28.Bc4 Rxe3 29.Rxe3 f4 30.Re7 Rb8
31.Ra7 Rb1+ 32.Bf1 Bc3 33.g3 fxg3 34.hxg3 Ra1 35.Nh4 Ne4 36.Kg2 Ra2 37.Ra8+ Kg7
38.Rxa6 Rxf2+ 39.Kg1 Bd4 40.Bg2 Nxg3 41.Kh2 Nf1+ 42.Kh3 Ne3 43.Kg3 Ra2 44.Be4 Ra3
45.Nf3 Nc4 46.Kf4 Re3 47.Kf5 Bc5 48.Ra8 Ra3 49.a6 Nb6 50.Rb8 Rxa6 51.Rb7 Ra4
52.Rc7 Nc4 53.Kf4 Nb6 54.Kf5 Be3 55.Rc6 Nxd5 56.Rxd6 Ne7+ 57.Ke5 f6+ 58.Rxf6 Ra5+
59.Ke6 Ra6+ 60.Kxe7 Bc5+ 61.Kd7 Kxf6  0-1